000 00488nam a2200193Ia 4500
005 20240620105242.0
008 131103s9999 xx 000 0 und d
020 _a0 237 448327
040 _aLoreto College
041 _aEnglish
082 _a745
_bSMI
100 _aSmith, G. Ronald
245 _aPaper for play
_b paper work for the very young
_cG. Ronald Smith
260 _aLondon
_bEvans
_c1975
300 _a41p.
_b ill.
650 _aCrafts
850 _aLCBED
942 _cBK
999 _c30258
_d80737